Aguas subterráneas (Record no. 70583)

MARC details
000 -LEADER
campo de control de longitud fija 00569nam a2200157 i 4500
001 - NÚMERO DE CONTROL
campo de control 70583
003 - IDENTIFICADOR DE NÚMERO DE CONTROL
campo de control ES-MaACL
005 - FECHA Y HORA DE LA ÚLTIMA TRANSACCIÓN
campo de control 20230906170847.0
007 - CAMPO FIJO DE DESCRIPCIÓN FÍSICA--INFORMACIÓN GENERAL
campo de control de longitud fija t|
008 - DATOS DE LONGITUD FIJA--INFORMACIÓN GENERAL
campo de control de longitud fija 040728s1945 sp ||||1| spa d
100 1# - ENTRADA PRINCIPAL--NOMBRE DE PERSONA
Nombre de persona García-Yepes Linares, José.
9 (RLIN) 55454
245 10 - MENCIÓN DEL TÍTULO
Título Aguas subterráneas
Resto del título : origen y circulación del agua subterránea, investigación, alumbramiento, explotación, legislación y jurisprudencia /
Mención de responsabilidad, etc. José García-Yepes Linares.
260 ## - PUBLICACIÓN, DISTRIBUCIÓN, ETC.
Lugar de publicación, distribución, etc. Madrid :
Nombre del editor, distribuidor, etc. Dossat,
Fecha de publicación, distribución, etc. [1945] (
Fabricante Estades)
300 ## - DESCRIPCIÓN FÍSICA
Extensión 342 p. ;
Dimensiones 22 cm.
852 ## - LOCALIZACIÓN
Ubicación ES-MaACL
Número de control de estantería D-209
Sublocalización o colección R.21871
Holdings
Estatus retirado Estado de pérdida Estado de daño No para préstamo Biblioteca de origen Biblioteca actual Ubicación en estantería Fecha de adquisición Fuente de adquisición Total de préstamos Signatura topográfica completa Código de barras Visto por última vez Precio de reemplazo Tipo de ítem Koha
        Biblioteca del Ateneo de Madrid Biblioteca del Ateneo de Madrid Sala Valle Inclán 17/01/2008     D-209 901073908 23/02/2023 23/02/2023 Libro impreso